00325nam a2200145Ia 45000030006000000080041000060400015000471000017000622450028000792500006001072600031001133000006001445460012001500050017001620STCL150530s9999 xx 000 0 und d aSTCLcSTCL aMannur, H.G. aInternational Economics a2 bVikas ; Delhic2010aDelhi a0 aEnglish20220125165546.0